000 00261nam a2200097Ia 4500
001 807688
005 20250826171236.0
008 250824s9999 xx 000 0 und d
245 0 _aKAYI III HAREMEYN HİZMETİNDE
_cAHMET ŞİMŞİRGİL
260 _bTİMAŞ YAYINLARI
999 _c807688
_d807688